An invitation to our times /

Bibliographic Details
Main Author: Ross, Mitchell S.
Format: Book
Language:English
Published: Garden City, N.Y. : Doubleday, 1980.
Edition:1st ed.
Subjects:

MARC

Tag First Indicator Second Indicator Subfields
LEADER 00000pam a2200000 i 4500
001 in00000665708
005 20151015085911.0
008 791012s1980 nyu 00010 eng
010 |a  79007609  
020 |a 0385150318 :  |c $8.95 
035 |a (OCoLC)05674162 
035 |9 ACY3687AM 
040 |a DLC  |c DLC  |d TXA  |d UtOrBLW 
043 |a n-us--- 
049 |a TXAM  |c [1385135] 
050 0 0 |a E169.12  |b .R68 
082 0 |a 973.9 
100 1 |a Ross, Mitchell S. 
245 1 3 |a An invitation to our times /  |c Mitchell S. Ross. 
250 |a 1st ed. 
264 1 |a Garden City, N.Y. :  |b Doubleday,  |c 1980. 
300 |a vi, 182 pages ;  |c 22 cm. 
336 |a text  |b txt  |2 rdacontent 
337 |a unmediated  |b n  |2 rdamedia 
338 |a volume  |b nc  |2 rdacarrier 
650 0 |a National characteristics, American. 
651 0 |a United States  |x Civilization  |y 1945- 
999 |a MARS 
999 f f |s 54776a6b-14ff-3720-aa6a-83d06c54d8ea  |i 0f892000-b32b-3b29-ae8d-b3b079cb610e  |t 0 
952 f f |p ric  |a Texas A&M University  |b Rellis Campus  |c Joint Library Facility  |d Remote Storage  |t 0  |e E169.12 .R68  |h Library of Congress classification  |i unmediated -- volume  |m A14802158694 
998 f f |a E169.12 .R68  |t 0  |l Remote Storage